| 000 | 01414nam a2200397 i 4500 | ||
|---|---|---|---|
| 001 | 56685 | ||
| 003 | KOSZ 005 | ||
| 005 | 20211117144223.0 | ||
| 008 | 090820s2008 pl a f |000 0 pol | ||
| 020 | _a9788360965689 | ||
| 040 |
_cKOSZ 005 _aKOSZ 005 _dKOSZ 005/HR |
||
| 046 | _k2008 | ||
| 080 | _a656.1-049.5 | ||
| 080 | _a621.391 | ||
| 080 | _a004.023 | ||
| 080 | _a004.772 | ||
| 245 | 0 | 0 |
_aTelematyka transportu drogowego : _bpraca zbiorowa / _cpod red. Gabriela Nowackiego ;[zespół aut. Gabriel Nowacki et al. |
| 260 |
_aWarszawa : _bWydawnictwo Instytutu Transportu Samochodowego, _c2008. |
||
| 300 |
_a206 s. : _bil. (w tym kolor.) ; _c24 cm. |
||
| 336 |
_2rdacontent _aTekst _btxt |
||
| 337 |
_2rdamedia _aBez urządzenia pośredniczącego _bn |
||
| 338 |
_2rdacarrier _aWolumin _bnc |
||
| 380 | _aKsiążki | ||
| 388 | _a2001- | ||
| 504 | _aBibliogr. przy rozdz. | ||
| 650 | 9 | _aTransport drogowy | |
| 650 | 9 | _aBezpieczeństwo | |
| 650 | 9 | _aTransmisja danych | |
| 650 | 4 | _aInteligentne systemy transportowe | |
| 658 | _aTransport i logistyka | ||
| 658 | _aInżynieria i technika | ||
| 700 | 1 |
_aNowacki, Gabriel _d(1954- ) _eAutor _eRedakcja |
|
| 710 | 2 |
_aWydawnictwo Instytutu Transportu Samochodowego _4pbl |
|
| 856 |
_uhttp://koha.tu.koszalin.pl/cgi-bin/koha/opac-detail.pl?biblionumber=56685 _yKatalog online BPK |
||
| 942 |
_cKS _2UKD |
||
| 999 |
_c56685 _d56685 |
||